French urban development activities in Vietnam

Gorde:
Xehetasun bibliografikoak
Erakunde egilea: Ambassade de France en Républice Socialialiste du Vietnam
Formatua: Liburua
Hizkuntza:Undetermined
Argitaratua: Hà Nội Ambassade de France en Républice Socialialiste du Vietnam 2002
Gaiak:
Etiketak: Etiketa erantsi
Etiketarik gabe, Izan zaitez lehena erregistro honi etiketa jartzen!
Thư viện lưu trữ: Trung tâm Học liệu Trường Đại học Cần Thơ
LEADER 00639nam a2200181Ia 4500
001 CTU_122096
008 210402s9999 xx 000 0 und d
082 |a 711.55 
082 |b F873 
110 |a Ambassade de France en Républice Socialialiste du Vietnam 
245 0 |a French urban development activities in Vietnam 
245 0 |c Ambassade de France en Républice Socialialiste du Vietnam 
260 |a Hà Nội 
260 |b Ambassade de France en Républice Socialialiste du Vietnam 
260 |c 2002 
650 |a city planing,cities and towns 
904 |i Thủy 
980 |a Trung tâm Học liệu Trường Đại học Cần Thơ